banner koha

Produção de sementes de feijoeiro comum livres de Colletotrichum lindemuthianum em várzeas tropicais irrigadas por subirrigação (Registro n. 293551)

MARC details
000 -LÍDER
campo de controle de tamanho fixo 01261nac a22003737a 4500
001 - NÚMERO DE CONTROLE
campo de controle BR0402088
003 - IDENTIFICADOR DO NÚMERO DE CONTROLE
campo de controle BR-BrBNA
005 - DATA E HORÁRIO DA ÚLTIMA TRANSAÇÃO
campo de controle 20240105123002.0
008 - CAMPO DE DADOS FIXOS--INFORMAÇÃO GERAL
campo de controle de tamanho fixo 230509b bl.|||m| |||| 00| 0 por d
040 ## - FONTE DA CATALOGAÇÃO
Instituição da catalogação original BR-BrBNA
Idioma da catalogação por
Instituição que transcreveu o registro Biblioteca Nacional de Agricultura
072 ## - CÓDIGO DE CATEGORIA DE ASSUNTO
Código de Categoria de Assunto F03; F06
090 ## - NÚMERO DE CHAMADA LOCAL
Número de chamada 1410 BR0402088
100 1# - ENTRADA PRINCIPAL--NOME PESSOAL
Nome pessoal Rava, C.A.
100 1# - ENTRADA PRINCIPAL--NOME PESSOAL
Nome pessoal Costa, J.G.C. da
100 1# - ENTRADA PRINCIPAL--NOME PESSOAL
Nome pessoal Aidar, H.
100 1# - ENTRADA PRINCIPAL--NOME PESSOAL
Nome pessoal Kluthcouski, J.
110 1# - ENTRADA PRINCIPAL--NOME CORPORATIVO
Nome corporativo ou nome da jurisdição EMBRAPA Arroz e Feijão, Santo Antônio de Goiás (Brasil)
9 (RLIN) 3570
245 1# - TÍTULO
Título Produção de sementes de feijoeiro comum livres de Colletotrichum lindemuthianum em várzeas tropicais irrigadas por subirrigação
260 3# - PUBLICAÇÃO, DISTRIBUIÇÃO, ETC.
Local de publicação, distribuição, etc. Santo Antônio de Goiás, GO (Brasil):
Data da publicação, distribuição, etc. 2002.
300 ## - DESCRIÇÃO FÍSICA
Extensão 16 p.
490 ## - TÍTULO DA SÉRIE
Título da série Boletim de Pesquisa e Desenvolvimento - EMBRAPA Arroz e Feijão (Brazil)
Número do volume ou designação sequencial da série no. 1
ISSN - International Standard Serial Number ISSN 1678-9571
500 ## - NOTA GERAL
Nota geral Summaries (En, Pt); 9 ref.
650 ## - ASSUNTO--TERMO TÓPICO
Cabeçalho tópico ou nome geográfico FEIJÃO
650 ## - ASSUNTO--TERMO TÓPICO
Cabeçalho tópico ou nome geográfico PRODUÇÃO DE SEMENTES
650 ## - ASSUNTO--TERMO TÓPICO
Cabeçalho tópico ou nome geográfico IRRIGAÇÃO SUBTERRÂNEA
650 ## - ASSUNTO--TERMO TÓPICO
Cabeçalho tópico ou nome geográfico ANTRACNOSE
650 ## - ASSUNTO--TERMO TÓPICO
Cabeçalho tópico ou nome geográfico CONTROLE BIOLÓGICO
650 ## - ASSUNTO--TERMO TÓPICO
Cabeçalho tópico ou nome geográfico CONTROLE QUÍMICO
650 ## - ASSUNTO--TERMO TÓPICO
Cabeçalho tópico ou nome geográfico PULVERIZAÇÃO FOLIAR
650 ## - ASSUNTO--TERMO TÓPICO
Cabeçalho tópico ou nome geográfico VÁRZEA
650 ## - ASSUNTO--TERMO TÓPICO
Cabeçalho tópico ou nome geográfico TOCANTINS
909 ## -
-- 202312
-- Lúcia Elande
-- 55
-- Lúcia Elande
942 ## - ELEMENTOS DE ENTRADA ADICIONADOS (KOHA)
Fonte da classificação ou esquema de arquivamento na estante Classificação AGRIS
Ocultar no OPAC Não
Tipo de material Koha Monografia Seriada
Exemplares
Situação do descarte Fonte da classificação ou esquema de arquivamento na estante Situação física Não pode ser emprestado Coleção Biblioteca de origem Biblioteca atual Localização na estante Total de empréstimos Número de telefone completo Código de barras Data de último acesso Tipo de material Koha Fonte de aquisição
  Classificação AGRIS       Biblioteca Nacional de Agricultura - Binagri Biblioteca Nacional de Agricultura - Binagri Agrobase - Acervo Geral   1410 BR0402088 1410 BR0402088 18/12/2023 Monografia Seriada Portaria Interministerial nº 164/94

BINAGRI

Telefone: (61)3218-2567/2388/3357/2097 - binagri@agro.gov.br

Ministério da Agricultura e Pecuária , Esplanada dos Ministérios, Bloco D, Anexo B, Brasília/DF, CEP: 70.043-900